| 000 | 01066cab a2200325 4500 | ||
|---|---|---|---|
| 001 | WB2942-53 | ||
| 008 | 090401t1993 xxu||||| |||| 00| 0 eng d | ||
| 035 | _a(Sirsi) u67800 | ||
| 041 | _aeng | ||
| 245 | _aPlans receive cautious support | ||
| 260 | _c1993 | ||
| 350 | _a0 | ||
| 490 |
_aCSW - The Property Week _v45(6) 11 November 1993, 6 |
||
| 490 |
_aBuilding _v258(7819) 12 November 1993, 8 |
||
| 490 |
_aDTI Press Notice _v(93/644) 4 November 1993 |
||
| 490 |
_aGovernment in Partnership _vFactsheets 1-5 November 1993 (11) |
||
| 520 | _aGovernment proposals to introduce a regional structure to urban regeneration and for a City Pride programme for Birmingham, Manchester and Liverpool have met a mixed response from property people. | ||
| 650 | _aBIRMINGHAM | ||
| 650 | _aBUDGET | ||
| 650 | _aCITY PRIDE | ||
| 650 | _aCIVIC LEADERS | ||
| 650 | _aLIVERPOOL | ||
| 650 | _aMANCHESTER | ||
| 650 | _aREGIONAL OFFICES | ||
| 650 | _aREGIONS | ||
| 650 | _aURBAN REGENERATION | ||
| 690 | _aURBAN RENEWAL | ||
| 942 | _n0 | ||
| 948 | _c04/03/1997 | ||
| 999 |
_c42468 _d42468 |
||